Caleb's Quiz 3 - Statistics

General Stats
  • This quiz has been taken 15 times
  • The average score is 5 of 10
Answer Stats
Hint Country Answer % Correct
Igor Stravinsky Russia The Firebird
100%
Igor Stravinsky Russia The Rite of Spring
100%
Benjamin Britten U.K. Peter Grimes
75%
Igor Stravinsky Russia Petrushka
75%
Ralph Vaughan Williams U.K. Fantasia on a Theme by Thomas Tallis
25%
Sergei Prokofiev Russia Peter and the Wolf
25%
Ralph Vaughan Williams U.K. The Lark Ascending
25%
Benjamin Britten U.K. The Young Person's Guide to the Orchestra
25%
Benjamin Britten U.K. War Requiem
25%
Maurice Ravel France Bolero
0%
No matching quizzes found
Score Distribution
Percent of People with Each Score
Percentile by Number Answered
Your Score History
You have not taken this quiz